000 003790000a22001450004500
020 _a958-96432---2-1
082 0 4 _aR 460 An28e
100 1 _aAndricaín, Sergio
245 1 0 _aEspacios para la promoción de la lectura / Sergio Andricaín
260 _aBogotá : Taller de Talleres
300 _a28 P.
440 0 _aCol. \ Los cuadernos del taller
001 931
942 _cLGB
999 _c48111
_d48111